LEADER 01325nam2-2200385li-450 001 990000191620203316 005 20180312154614.0 010 $a3-540-61087-1 035 $a0019162 035 $aUSA010019162 035 $a(ALEPH)000019162USA01 035 $a0019162 100 $a20001109d1996----km-y0itay0103----ba 101 0 $aeng 102 $aGW 200 1 $aBasic structures of function fieldarithmetic$fDavid Goss 210 $aBerlin [etc.]$cSpringer-Verlag$dcopyr. 1996 215 $aXIII, 422 p.$cill.$d23 cm 225 2 $aa series of modernsurveys in mathematics$v35 410 0$10010019142$12001$aa series of modernsurveys in mathematics$vErgebnisse der Mathematik und ihrer Grenzgebiete 610 1 $ateoria algebrica dei numeri 676 $a51274$9Teoria dei numeri (Algebrica) 700 1$aGoss,$bDavid$061084 801 $aSistema bibliotecario di Ateneo dell' Università di Salerno$gRICA 912 $a990000191620203316 951 $a510 EMIGR (35)$b0019733 CBS$c510$d00108491 959 $aBK 969 $aSCI 979 $c19970129 979 $c20001110$lUSA01$h1713 979 $aALANDI$b90$c20010607$lUSA01$h1251 979 $c20020403$lUSA01$h1627 979 $aPATRY$b90$c20040406$lUSA01$h1614 996 $aBasic structures of function fieldarithmetic$91487908 997 $aUNISA LEADER 00976nam a2200301 i 4500 001 991001087809707536 005 20020507111115.0 008 970308s1975 us ||| | eng 035 $ab10171897-39ule_inst 035 $aLE00641932$9ExL 040 $aDip.to Fisica$bita 084 $a621.3.2.5 084 $a621.3.8 084 $a621.3.9 084 $a621.3819'58'3 084 $aTK7888.3.M54 100 1 $aAltman, Laurence$0462613 245 10$aMicroprocessors /$cedited by Laurence Altman 260 $aNew York :$bMcGraw-Hill Book Co.,$c1975 300 $avi, 154 p. :$bill. ;$c28 cm. 490 0 $aElectronics Book Series 650 4$aMicroprocessors 907 $a.b10171897$b17-02-17$c27-06-02 912 $a991001087809707536 945 $aLE006 621.3.9 ALT$g1$i2006000051118$lle006$o-$pE0.00$q-$rl$s- $t0$u0$v0$w0$x0$y.i10210969$z27-06-02 996 $aMicroprocessors$9189734 997 $aUNISALENTO 998 $ale006$b01-01-97$cm$da $e-$feng$gus $h0$i1 LEADER 07725nam 22007215 450 001 9910502612303321 005 20260317092114.0 010 $a3-030-89029-5 024 7 $a10.1007/978-3-030-89029-2 035 $a(CKB)5140000000012969 035 $a(MiAaPQ)EBC6748616 035 $a(Au-PeEL)EBL6748616 035 $a(OCoLC)1275355619 035 $a(PPN)258296291 035 $a(DE-He213)978-3-030-89029-2 035 $a(EXLCZ)995140000000012969 100 $a20211010d2021 u| 0 101 0 $aeng 135 $aurcnu|||||||| 181 $ctxt$2rdacontent 182 $cc$2rdamedia 183 $acr$2rdacarrier 200 10$aAdvances in Computer Graphics $e38th Computer Graphics International Conference, CGI 2021, Virtual Event, September 6?10, 2021, Proceedings /$fedited by Nadia Magnenat-Thalmann, Victoria Interrante, Daniel Thalmann, George Papagiannakis, Bin Sheng, Jinman Kim, Marina Gavrilova 205 $a1st ed. 2021. 210 1$aCham :$cSpringer International Publishing :$cImprint: Springer,$d2021. 215 $a1 online resource (717 pages) 225 1 $aImage Processing, Computer Vision, Pattern Recognition, and Graphics,$x3004-9954 ;$v13002 311 08$a3-030-89028-7 320 $aIncludes bibliographical references and index. 327 $aComputer Animation -- Temporal Parameter-free Deep Skinning of Animated Meshes -- The impact of animations in the perception of a simulated crowd -- Computer Vision -- Virtual haptic system for shape recognition based on local curvatures -- Stable Depth Estimation within Consecutive Video Frames -- Progressive Multi-Scale Reconstruction for Guided Depth Map Super-Resolution via Deep Residual Gate Fusion Network -- SE_EDNet: A Robust Manipulated Faces Detection Algorithm -- PointCNN-based Individual Tree Detection Using LiDAR Point Clouds -- Variance weight distribution network based Noise Sample Learning for Robust Person Re-identification -- Monocular Dense SLAM with Consistent Deep Depth Prediction -- Sketch-based 3D Garment Generation with Shape-adapted -- Geometric Computing -- Light-Weight Multi-View Topology Consistent Facial Geometry and Reflectance Capture -- Real-Time Fluid Simulation with Atmospheric Pressure Using Weak Air Particles -- Human Poses and Gestures -- Reinforcement Learning for Quadruped Locomotion -- Partially Occluded Skeleton Action Recognition based on Multi-stream Fusion Graph Convolutional Networks -- Social-Scene-Aware Generative Adversarial Networks for Pedestrian Trajectory Prediction -- Image Processing -- Cecid Fly Defect Detection in Mangoes using Object Detection Frameworks -- Twin-Channel Gan: Repair Shape with Twin -Channel Generative Adversarial Network and Structural Constraints -- CoPaint: Guiding Sketch Painting with Consistent Color and Coherent Generative Adversarial Networks -- Multi-Stream Fusion Network for Multi-Distortion Image Super-Resolution -- Generative Face Parsing Map Guided 3D Face Reconstruction Under Occluded Scenes -- Compact Double Attention Module Embedded CNN for Palmprint Recognition -- M2M: Learning to Enhance Low-light Image from Model to Mobile FPGA -- Character Flow Detection and Rectification for Scene Text Spotting -- A Deep Learning Method for 2D Image Stippling -- Medical Imaging -- In Silico Heart Versatile Graphical Interface with Systole and Diastole Phases Customizable for Diversified Arrhythmias Simulations -- ADD-Net:Attention U-Net with Dilated Skip Connection and Dense Connected Decoder for Retinal Vessel Segmentation -- BDFNet: Boundary-assisted and Discriminative Feature Extraction Network for COVID-19 Lung Infection Segmentation -- A Classification Network for Ocular Diseases Based on Structure Feature and Visual Attention -- Physics-based Simulation -- DSNet: Dynamic skin deformation prediction by Recurrent Neural Network -- Curvature Analysis of Sculpted Hair Meshes for Hair Guides Generation -- Synthesizing Human Faces with Local Weight Autoencoder -- CFMNet: Coarse-to-Fine Cascaded Feature Mapping Network for Hair Attribute Transfer -- Rendering and Textures -- Dynamic Shadow Synthesis Using Silhouette Edge Optimization -- DDISH-GI: Dynamic Distributed Spherical Harmonics Global Illumination -- Simplicity Driven Edge Refinement and Color Reconstruction in Image Vectorization -- Temporal-Consistency-Aware Video Color Transfer -- An improved advancing-front-Delaunay method for triangular mesh generation -- Robotics and Vision -- The use of a social robot in elderly home for recreational activities -- Resilient Navigation among dynamic agents with hierarchical reinforcement learning -- Visual Analytics -- MeshChain: Secure 3D model and intellectual property management powered by blockchain technology -- Image emotion analysis based on the distance relation of emotion categories via deep metric learning -- How much do we perceive geometric features, personalities and emotions in avatars? -- High-Dimensional Dataset Simplification by Laplace-Beltrami Operator -- VR/AR -- Characterizing Visual Acuity in the use of Head Mounted Displays -- Effects of Different Proximity-based Feedback on Virtual Hand Pointing in Virtual Reality -- Virtual Scenes Construction Promotes Traditional Chinese Art Preservation -- A Preliminary Work: Mixed Reality-integrated Computer-aided Surgical Navigation System for Paranasal Sinus Surgery using Microsoft HoloLens 2 -- Engage -- Algorithms for multi-conditioned conic fitting in Geometric algebra for conics -- Special affine Fourier transform for space-time algebra signals -- On Explicit Formulas for Characteristic Polynomial Coefficients in Geometric Algebras -- Unified Expression Framework of Geodetic Stations Based on Conformal Geometric Algebra -- Never 'Drop the Ball' in the Operating Room: An efficient hand-based VR HMD controller interpolation algorithm, for collaborative, networked virtual environments -- The Rules of 4-dimensional Perspective. 330 $aThis book constitutes the refereed proceedings of the 38th Computer Graphics International Conference, CGI 2021, held virtually in September 2021. The 44 full papers presented together with 9 short papers were carefully reviewed and selected from 131 submissions. The papers are organized in the following topics: computer animation; computer vision; geometric computing; human poses and gestures; image processing; medical imaging; physics-based simulation; rendering and textures; robotics and vision; visual analytics; VR/AR; and engage. 410 0$aImage Processing, Computer Vision, Pattern Recognition, and Graphics,$x3004-9954 ;$v13002 606 $aApplication software 606 $aArtificial intelligence 606 $aComputer vision 606 $aComputer engineering 606 $aComputer networks 606 $aComputer and Information Systems Applications 606 $aArtificial Intelligence 606 $aComputer Vision 606 $aComputer Engineering and Networks 606 $aInfografia$2thub 608 $aCongressos$2thub 608 $aLlibres electrònics$2thub 615 0$aApplication software. 615 0$aArtificial intelligence. 615 0$aComputer vision. 615 0$aComputer engineering. 615 0$aComputer networks. 615 14$aComputer and Information Systems Applications. 615 24$aArtificial Intelligence. 615 24$aComputer Vision. 615 24$aComputer Engineering and Networks. 615 7$aInfografia 676 $a006.6 702 $aMagnenat-Thalmann$b Nadia 801 0$bMiAaPQ 801 1$bMiAaPQ 801 2$bMiAaPQ 906 $aBOOK 912 $a9910502612303321 996 $aAdvances in Computer Graphics$9772590 997 $aUNINA